banner-ar

عالم شتاينيك الرحيب : دراسة فى فنه القصصى / (Record no. 47399)

MARC details
000 -الفاتح
حقل البيانات ثابتة الطول 00710nam a2200205Ia 4500
008 - عناصر البيانات ثابتة الطول - معلومات عامة
حقل البيانات ثابتة الطول 140319s9999 xx 000 0 ara d
040 ## - مصدر الفهرسة
وكالة الفهرسة الأصلية GCL /
وكالة النسخ GCL
082 04 - رقم تصنيف ديوى العشرى
رقم التصنيف 823.009
رقم المادة ل ع
100 1# - المدخل الرئيسى - إسم شخصى
الإسم الشخصى ليسكا، بيتر
245 10 - بيان العنوان
العنوان عالم شتاينيك الرحيب : دراسة فى فنه القصصى /
بيان المسئوليه,etc ليسكا، بيتر
700 1# - المدخل الاضافى - اسم شخصى
الإسم الشخصى عبدالطيف شراره
700 1# - المدخل الاضافى - اسم شخصى
الإسم الشخصى عبداللطيف شرارة (مترجم)
700 1# - المدخل الاضافى - اسم شخصى
الإسم الشخصى سميرة عزام (مراجع)
300 ## - الوصف المادى
التعداد 347 ص
490 ## - بيان السلسلة
عنوان السلسلة الهيئة العامة للاستعلامات
رقم المجلد/ التعيين التسلسلي 0
650 04 - المدخل الاضافى بالموضوع-مصطلح موضوعى
مصطلح موضوعي الادب الامريكى - تاريخ ونقد
650 04 - المدخل الاضافى بالموضوع-مصطلح موضوعى
مصطلح موضوعي شتاينيك, جون
942 ## - عناصر المدخل الإضافي( كوها)
مصدر التصنيف او مخطط الترفيف Dewey Decimal Classification
Koha [default] item type كتاب
Holdings
حالة التراجع حالة الفقد حالة تلف ليس للاعارة المكان المؤقت الموقع الحالى تاريخ الاكتساب اجمالي اﻻعارات رقم الطلب الباركود تاريخ اخر مشاهدة تاريخ تفعيل السعر نوع وعاء كوها
        مكتبة القاهرة الكبرى مكتبة القاهرة الكبرى 03/26/2014   823.009\ل ع 114579 03/26/2014 03/26/2014 كتاب

Powered By

EGPV